00425nam a22000977a 4500082001500000100001100015245011600026260005200142490001700194520011600211 a378.1bDIP aIchemc aDiploma in Laboratory Tecnology in Chemistry (DLTC) |Programme Prospectus snd Examination Regulations 2005-2006 aRajagiriyabInstitute of Chemistry Ceylonc2005 aBound Volume aDiploma in Laboratory Tecnology in Chemistry (DLTC) |Programme Prospectus snd Examination Regulations 2005-2006